<?xml version="1.0" encoding="UTF-8"?>
<record
    xmlns:xsi="http://www.w3.org/2001/XMLSchema-instance"
    xsi:schemaLocation="http://www.loc.gov/MARC21/slim http://www.loc.gov/standards/marcxml/schema/MARC21slim.xsd"
    xmlns="http://www.loc.gov/MARC21/slim">

  <leader>02587nam a22002657a 4500</leader>
  <controlfield tag="005">20260407164616.0</controlfield>
  <controlfield tag="008">260407b        |||||||| |||| 00| 0 eng d</controlfield>
  <datafield tag="020" ind1=" " ind2=" ">
    <subfield code="a">9789386827890</subfield>
  </datafield>
  <datafield tag="040" ind1=" " ind2=" ">
    <subfield code="c">AL</subfield>
  </datafield>
  <datafield tag="041" ind1=" " ind2=" ">
    <subfield code="a">eng</subfield>
  </datafield>
  <datafield tag="082" ind1=" " ind2=" ">
    <subfield code="a">670.42</subfield>
    <subfield code="b">CHAI</subfield>
  </datafield>
  <datafield tag="100" ind1=" " ind2=" ">
    <subfield code="a">Debyendu Chakraborty</subfield>
    <subfield code="9">260576</subfield>
  </datafield>
  <datafield tag="245" ind1=" " ind2=" ">
    <subfield code="a">Industrial instrumentation safety and management</subfield>
  </datafield>
  <datafield tag="260" ind1=" " ind2=" ">
    <subfield code="a">New Delhi</subfield>
    <subfield code="b">CBS Publishers and Distributors Pvt Ltd</subfield>
    <subfield code="c">2018</subfield>
  </datafield>
  <datafield tag="300" ind1=" " ind2=" ">
    <subfield code="a">x,166p</subfield>
    <subfield code="b">PB</subfield>
    <subfield code="c">22x14cm</subfield>
  </datafield>
  <datafield tag="365" ind1=" " ind2=" ">
    <subfield code="2">Computer Science and Engineering</subfield>
    <subfield code="a">VBI-2645</subfield>
    <subfield code="b">&#x20B9;195.00</subfield>
    <subfield code="c">&#x20B9;</subfield>
    <subfield code="d">&#x20B9;260.00</subfield>
    <subfield code="e">25%</subfield>
    <subfield code="f">20-02-2026</subfield>
  </datafield>
  <datafield tag="520" ind1=" " ind2=" ">
    <subfield code="a">Contents
1. Values of Industrial Instrumentation
1.1 Introduction
1.2 Industrial Instrumentation System
1.3 Instruments Identification

1.4 Behavior of Instruments

2. System-based Instrumentation
2.1 Introduction
2.2 Codes, Standards and Units
2.3 Familiarization with the instrument family
2.4 Online Measurements
2.5 Continuous Emission Monitoring System (CEMS)
3. Ethics of Final Control Element
3.1 Introduction
3.2 Categorization of valves
3.3 Diaphragm Control Valve
3.4 Control Valve Factors
3.5 Inherent Flow Characteristics
3.6 Control Valve Accessories
3.7 Operational Summary
3.8 Calibration Procedure
3.9 Troubleshooting
4. Ethical Techniques and Virtual Instrumentation
4.1 Introduction
4.2 Industrial Techniques by Ethical Instrumentation
4.3 Basic of Virtual Instrumentation

4.4 Lab View

5. Instrumentation Network

5.1 Introduction
5.2 Network Topology
5.3 Instrumentation Telemetry
5.4 Telemetric Classifications
5.5 OSI Layers in Networking
5.6 Fixed Cellular Terminal (FCT)
6. Instrument Maintenance and Safety
6.1 Introduction
6.2 Types of Maintenance
6.3 Repair and Failures Interval Nomenclature
6.4 FMEA and RCA
6.5 SIF and SIS
6.6 LOTO (Lock Out Tag Out) System
6.7 HAZOP (Hazard and Operability) Study
7. MIS, IISPM and Material Management
7.1 Introduction
7.2 MIS
7.3 IISPM
7.4 Managematic Engineer
7.5 Material Management
7.6 Recent Implementations in Material Management
8. Instrumentation Project Management
8.1 Introduction
8.2 Cumulative Techniques of Project Plan
8.3 Instrumentation Scope of Work (ISW)
8.4 Design Perspective
8.5 Instrument Selection
8.6 Erection and Commissioning Techniques</subfield>
  </datafield>
  <datafield tag="650" ind1=" " ind2=" ">
    <subfield code="a">Ethics of Final Control Element</subfield>
    <subfield code="9">260569</subfield>
  </datafield>
  <datafield tag="650" ind1=" " ind2=" ">
    <subfield code="a">Virtual Instrumentation</subfield>
    <subfield code="9">260570</subfield>
  </datafield>
  <datafield tag="650" ind1=" " ind2=" ">
    <subfield code="a">IISPM</subfield>
    <subfield code="9">260571</subfield>
  </datafield>
  <datafield tag="650" ind1=" " ind2=" ">
    <subfield code="a">Material Management</subfield>
    <subfield code="9">260572</subfield>
  </datafield>
  <datafield tag="650" ind1=" " ind2=" ">
    <subfield code="a">Based on True Practical and Theoretical Analysis</subfield>
    <subfield code="9">260577</subfield>
  </datafield>
  <datafield tag="650" ind1=" " ind2=" ">
    <subfield code="a">Instrumentation Network</subfield>
    <subfield code="9">260573</subfield>
  </datafield>
  <datafield tag="942" ind1=" " ind2=" ">
    <subfield code="2">ddc</subfield>
    <subfield code="c">BK</subfield>
  </datafield>
  <datafield tag="999" ind1=" " ind2=" ">
    <subfield code="c">241170</subfield>
    <subfield code="d">241170</subfield>
  </datafield>
  <datafield tag="952" ind1=" " ind2=" ">
    <subfield code="0">0</subfield>
    <subfield code="1">0</subfield>
    <subfield code="2">ddc</subfield>
    <subfield code="4">0</subfield>
    <subfield code="7">0</subfield>
    <subfield code="8">CSE</subfield>
    <subfield code="a">SE</subfield>
    <subfield code="b">SE</subfield>
    <subfield code="d">2026-04-06</subfield>
    <subfield code="e">Vidyarthi Books, Bengaluru-560076</subfield>
    <subfield code="g">195.00</subfield>
    <subfield code="l">0</subfield>
    <subfield code="o">670.42 CHAI</subfield>
    <subfield code="p">SE000432</subfield>
    <subfield code="r">2026-04-07 16:44:15</subfield>
    <subfield code="v">260.00</subfield>
    <subfield code="w">2026-02-20</subfield>
    <subfield code="y">BK</subfield>
  </datafield>
</record>
